000 00688nam a2200265Ia 4500
003 OSt
005 20221006140837.0
006 a|||||r|||| 00| 0
007 ta
008 221006b |||||||| |||| 00| 0 jpn d
020 _c¥360
024 _a755
037 _bGift, Japan Foundation
_cTextual
040 _aEASL
_cEASL
_bjpn
041 _2jpn
_ajpn
082 _aV42y7N12, L3
100 _aMORI Senzo
_9643566
245 0 _aMeiji jinbutsu yawa
260 _aTokyo
_bKodansha Japan
_c1973
300 _a390p.
_ccm.
490 _v JL
650 _aJL
942 _hV42y7N12, L3
_cTEXL
_2CC
999 _c1068841
_d1068841